| 000 | 00926nam a2200241Ia 4500 | ||
|---|---|---|---|
| 003 | GCL | ||
| 008 | 140319s9999 xx 000 0 ara d | ||
| 020 | _a6368200977 | ||
| 040 |
_aGCL / _cGCL |
||
| 082 | 0 | 4 |
_a372.21 _bر م |
| 100 | 1 | _aرمضان مسعد بدوى | |
| 245 | 1 | 0 |
_aالمفاهيم والعلاقات التوبولوجية لاطفال ماقبل المدرسة / _cرمضان مسعد بدوى |
| 700 | 1 | _aمحمد متولى قنديل | |
| 260 |
_aالقاهرة : _bمكتبة النهضة المصرية ، _c2003 |
||
| 300 |
_a164 ص ؛ _c32 سم |
||
| 490 |
_aسلسلة المفاهيم الرياضية لاطفال ماقبل المدرسة _vالجزء الاول |
||
| 650 | 0 | 4 | _aالاطفال |
| 650 | 0 | 4 | _aرياض الاطفال |
| 650 | 0 | 4 | _aتعليم الاطفال |
| 650 | 0 | 4 | _aالاطفال - تربية |
| 650 | 0 | 4 | _aاطفال ما قبل المدرسة |
| 942 |
_2ddc _cBK |
||
| 999 |
_c58395 _d58395 |
||